000
00318 a2200133 4500
000
nam a22 7a 4500
100
_a
Suman,Kumari
110
_a
Suman,Kumari
245
_a
public administration Theory and Practice
250
_a
latest edition
260
_b
Oxford
_c
2025
264
_b
Oxford
_c
2025
942
_c
BK
999
_c
394496
_d
394496